000 00307nam a22001337a 4500
020 _a81-7862-401-X
082 _a001
_bDAT/S
100 _aDATTA,NEETA
245 _aSPORTS PERSONALITIES
260 _aNEW DELHI
_bSTERLING PRESS PRIVATE
300 _a48
650 _aSPORTS PERSONALITIES
_zDELHI
942 _cBK
999 _c6651
_d6651